| 000 | 02910cam a22004457a 4500 | ||
|---|---|---|---|
| 001 | 15271995 | ||
| 003 | OSt | ||
| 005 | 20260428170627.0 | ||
| 008 | 080422s2007 enka b 001 0 eng | ||
| 010 | _a 2008364194 | ||
| 015 |
_aGBA696933 _2bnb |
||
| 016 | 7 |
_a013602477 _2Uk |
|
| 020 |
_a9781858943947 _qcloth |
||
| 020 |
_a1858943949 _qcloth |
||
| 035 | _a15271995 | ||
| 035 | _a(OCoLC)76365466 | ||
| 040 |
_aUKM _cFoundation University _dFoundation University |
||
| 042 | _alccopycat | ||
| 050 | 0 | 0 |
_aN6505 _b.A78 2007 |
| 245 | 0 | 0 |
_aArt in America : _b300 years of innovation / _cedited by Susan Davidson. |
| 260 |
_aLondon ; _aNew York : _bMerrell ; _aNew York : _bGuggenheim Museum ; _aChicago : _bTerra Foundation for American Art, _c2007. |
||
| 264 | _42007 | ||
| 300 |
_a351 p. : _bcol. ill. ; _c30 cm. _3books _fbooks |
||
| 336 |
_atext _btxt _2rdacontent _3n |
||
| 337 |
_aunmediated _bn _2rdamedia _3n |
||
| 338 |
_avolume _bnc _2rdacarrier _3n |
||
| 500 | _a"Published in association with the Solomon R. Guggenheim Museum, New York, and the Terra Foundation for American Art on the occasion of an exhibition held at the National Art Museum of China, Beijing, February 10-April 5, 2007 and at the Shanghai Museum, Museum of Contemporary Art Shanghai, May 1-June 30, 2007". | ||
| 504 | _aIncludes bibliographical references (p. [344]-347) and index. | ||
| 505 | 0 | _aParadoxes in American art / Michael Leja -- Colonization and rebellion (1700-1830). Peaceable kingdoms : colonization and rebellion / Margaretta M. Lovell ; The Chinese presence in early American visual culture / Patricia Johnston and Jessica Lanier -- Expansion and fragmentation (1830-80). Art in an age of national expansion : genre and landscape painting / David M. Lubin ; The American cowboy's destiny / Elizabeth Kennedy -- Cosmopolitanism and nationalism (1880-1915). Nationalism and internationalism / Mancy Mowll Mathews -- Modernism and regionalism (1915-45). The politics of American modernism / Justin Wolff ; A brief history of painting in Chinese America to 1945 / Anthony W. Lee -- Prosperity and disillusionment (1945-80). The innovative moment : postwar American art / Robert Rosenblum -- Multiculturalism and globalization (1980-present). Nationalism and globalism : issues in American art, 1980s to the present / Susan Cross -- Timeline / Helen Hsu. | |
| 650 | 0 |
_aArt, American _y20th century. _912594 |
|
| 650 | 0 |
_aArt, American _y19th century. _915750 |
|
| 650 | 0 |
_aArt, American _y18th century. _915751 |
|
| 700 | 1 |
_aDavidson, Susan, _d1958- _915752 |
|
| 710 | 2 |
_aSolomon R. Guggenheim Museum. _915753 |
|
| 710 | 2 |
_aTerra Foundation for American Art. _915754 |
|
| 906 |
_a7 _bcbc _ccopycat _d2 _encip _f20 _gy-gencatlg |
||
| 942 |
_2lcc _cBK _hN 6505 _i.2007 A78 _k(DAFA-FA) |
||
| 999 |
_c5832 _d5832 |
||